MDQL
is popping MORE tags! Check the
thread
!
Quizzes
Events
Quiz Creation
Community
Videos
Private Events
Remove Ads
Sign In
Join for FREE
Feedback
Dark Mode
Quiz Categories
Sports
Geography
Music
Movies
Television
Just For Fun
Miscellaneous
History
Literature
Language
Science
Gaming
Entertainment
Religion
Holiday
For Kids
Quiz Lab
Recent
Popular Today
Quiz Kudos Today
Editor Picks
Curator Picks
Quizzes by...
Day
Popularity
Type
Ratings
Length
Year
Community
Subscriptions
Recent Discussions
Orange Saloon
Badges
Playlists
Quests
Create
Leaderboards
Showdown
Live 5
Trivia Bingo
Activity
Puzzle Library
Sporcle Events
Private Events
Virtual Trivia
Globe League
Become a Host
Pub Owners
SporcleCon
Opinionation
Our Games
Videos
Blog
Mobile Apps
Partnerships
Remove Ads and Go Orange
Feedback
Sports
Athletes
MLB
NBA
NHL
NFL
Soccer
Sports Teams
WWE
NCAA
Football
Premier League
Basketball
Baseball
Hockey
Golf
Tennis
Cricket
Rugby
Auto Racing
Olympics
World Cup
Sports
Athletes
MLB
NBA
NHL
NFL
Soccer
Sports Teams
WWE
NCAA
Football
Premier League
Basketball
Baseball
Hockey
Golf
Tennis
Cricket
Rugby
Auto Racing
Olympics
World Cup
Random Quiz
Search Sporcle
×
Quiz Lab
Quiz Lab
Sports
Run Scorers
Type in answers that appear in a list
Type in answers that appear in a list
Classic
Best Score? Go Orange.
Leading Run Scorers In Test Cricket Stats
Can you name the Leading Run Scorers In Test Cricket
By
hikmat0009
10m
28 Questions
73 Plays
73 Plays
73 Plays
Comments
Comments
Give Quiz Kudos
Give Quiz Kudos
-
- Ratings
hide this ad
Replay
Link that replays current quiz
Next Quiz
Link to next quiz in quiz playlist
You Got
0%
They Got
Avg Score
74%
Avg Friend Score
Upgrade to see
Score Distribution
Jump to the score distribution portion of the page
Score
0/28
Timer
10:00
0
Plays Today
Country
Batsman
% Correct
Australia
Ricky Ponting
97.3%
India
Sachin Tendulkar
95.9%
West Indies
Brian Lara
94.5%
India
Rahul Dravid
91.8%
South Africa
Jacques Kallis
91.8%
England
Alastair Cook
89%
Australia
Steve Waugh
86.3%
West Indies
Shivnarine Chanderpaul
84.9%
Australia
Mark Waugh
84.9%
Australia
Allan Border
82.2%
South Africa
Graeme Smith
79.5%
Sri Lanka
Kumar Sangakkara
78.1%
Australia
Matthew Hayden
78.1%
Sri Lanka
Mahela Jayawardene
76.7%
Country
Batsman
% Correct
India
Sunil Gavaskar
76.7%
England
Graham Gooch
74%
West Indies
Viv Richards
74%
England
Kevin Pietersen
68.5%
India
Virender Sehwag
67.1%
England
Alec Stewart
64.4%
Pakistan
Inzamam ul Haq
61.6%
Australia
Michael Clarke
61.6%
West Indies
Garfield Sobers
58.9%
India
VVS Laxman
57.5%
England
Mike Atherton
56.2%
England
Geoff Boycott
54.8%
Pakistan
Javed Miandad
53.4%
England
David Gower
52.1%
Quiz Playlist
Details
Report
Send in Message
Add To Playlist
Classic:
Type in answers that appear in a list
Quiz Source
Last Updated: Feb 16, 2017
Quiz Scoreboard
CHALLENGE
Sign Up to Join the Scoreboard
Show All
Scores
Hide
Comments
May contain spoilers
Recently Published
Image Sorting: Flags VI
by Barbecue
Geography
2m
Find the 'City' Movie
by crazypaving
Movies
60s
Colored Red Africa Blitz
by spor1
Geography
45s
More to Explore
Quiz From the Vault
Featured Blog Post
14 Easter Pick-up Lines to Find Eggs With
hide this ad
You Might Also Like...
Tags
Leading
run
Run Scorers
Scorer
test
Today's Top Quizzes in Sports
Browse Sports
hide this ad
Today's Top Quizzes in Run Scorers
Browse Run Scorers
Top Contributed Quizzes in Sports
1
Les meilleurs buteurs des matchs entre le PSG et l’OM
2
Les entraîneurs de l'OM et du PSG au 21e siècle
3
Les joueurs passés par le PSG et l'OM
4
2022 World Cup Stars
5
Players with Multiple 50 Home Run Seasons
6
Criteria MLB: Left Handed Sluggers
7
Les joueurs passés par le LOSC et le RC Lens
8
NBA Logic Puzzle 2.0
9
MLB Players with Two .350 Batting Average Seasons
10
FIFA Club World Cup Champions
Explore More
Trending Topics
Marvel
Crossword
NBA
Kpop
Disney
Anime
Harry Potter
The Office
Puzzle
WWE
Country
NFL
Pokémon
Song
Soccer
hide this ad
More By:
hikmat0009
Quiz
Plays
Rating
Category
Featured
Created
ICC Cricket World Cup 2003 Squads
578
Sports
Jan 18, 2015
Wisden Leading Cricketer in the World
461
3.00
Sports
Nov 21, 2014
Pakistan all time cricket XI
431
Sports
Dec 16, 2013
ICC T20 Cricket World Cup 2014 Squads
376
Sports
Mar 11, 2014
ICC Cricket World Cup 2015 Squads
375
1.00
Sports
Jan 15, 2015
Go to Creator's Profile
Score Distribution
Quiz Creator Spotlight
hikmat0009
Follow
Send a Message
Quizzes Created
-
Created Quiz Play Count
-
More By This Creator
Popular Quizzes Today
1
Colored Red Africa Blitz
2
Find the US States - No Outlines Minefield
3
Find the 'City' Movie
4
5x2 Blitz: Bands
5
The Countries of the World
6
Find the US States
7
Find the Countries of Europe - No Outlines Minefield
8
US States
More Sports Quizzes
Find the Honda Racing Cars
Quiz Lab
Trending Quizzes
Colored Red Europe Blitz I
Colored Red Europe Blitz II
Colored Red Africa Blitz II
Colored Red Europe Blitz III
Colored Red Africa Blitz III
Recently Updated
How Do You Spell That?
pecheneg
Godzilla Movies
pecheneg
Grab Bag: 4-10 Letters
pecheneg
2024 March Madness Bracket
pecheneg
Famous TV Couples
Peacemaker
Champions League XIs: Real Madrid
pecheneg
Largest US Cities 1790-2010
pecheneg
Rides in Walt Disney World
pecheneg
Most Oscar Losses (Acting)
pecheneg
Beyoncé Albums
pecheneg
Trending Topics
NBA
Crossword
Kpop
Harry Potter
Marvel
Anime
Disney
Song
Country
Puzzle
WWE
NFL
Soccer
The Office
Pokémon
Your Account Isn't Verified!
In order to create a playlist on Sporcle, you need to verify the email address you used during registration. Go to your
Sporcle Settings
to finish the process.
Report this User
Report this user for behavior that violates our
Community Guidelines
.
Details:
Send Report
Go to the Sporcle.com Mobile Site →
Comments